Normas chilenas Instalaciones de electricidad, elevadores, térmicas, gas

Salvato in:
Dettagli Bibliografici
Ente Autore: Instituto Nacional de Normalización (Autore)
Natura: Libro
Lingua:spagnolo
Pubblicazione: Santiago El Instituto 1989
Edizione:2a. ed
Soggetti:
Tags: Aggiungi Tag
Nessun Tag, puoi essere il primo ad aggiungerne!!

MARC

LEADER 00000nam a2200000 a 4500
001 UCV5903
003 CL-VaPUC
008 920727e19890000CL |||||||||||||||||spa|d
082 0 4 |a 696.2  |b INS  |2 21 
110 2 |a Instituto Nacional de Normalización  |e author  |9 300118 
245 1 0 |a Normas chilenas Instalaciones de electricidad, elevadores, térmicas, gas 
246 1 0 |a NCh 78 Of 85: Cilindros portátiles soldados para gases licuados de petróleo tipos 11, 15, 45. Requisitos generales de fabricación 
246 1 0 |a NCh 350 Of 60: Instalaciones eléctricas provisionales en la construcción 
246 1 0 |a NCh 440 Of 53: Elevadores. Construcción de cajas y salas de máquinas 
246 1 0 |a NCh 712 Of 72: Arquitectura y urbanismo. Símbolos eléctricos para planos 
246 1 0 |a NCh 953 Of 85: Artefactos de gas. Gases normales de ensayo. Terminología, clasificación y especificaciones 
246 1 0 |a NCh 1070 Of 84: Aislación térmica. Poliestireno expandido. Requisitos 
246 1 0 |a NCh 1071 Of 84: Aislación térmica. Lana mineral. Requisitos 
250 |a 2a. ed 
300 |a 70 p 
942 |c BK 
945 |d 19920727 00:00:00 
260 |a Santiago  |b El Instituto  |c 1989 
500 |a LIBROS 23 - 24 
650 0 |a Instalaciones de gas  |9 262735 
650 7 |a NORMAS  |2 CL-VaPUC  |9 259606 
650 7 |a INSTALACIONES ELECTRICAS  |2 CL-VaPUC  |9 262736 
650 7 |a MAQUINARIA ELEVADORA  |2 CL-VaPUC  |9 262737 
650 0 |a Aislamiento térmico  |9 262738 
651 7 |a CHILE  |2 CL-VaPUC  |9 300119 
583 |a last modification  |c 20180530 10:57:47  |k Rodrigo Vera 
999 |c 212199  |d 212197 
952 |0 0  |1 0  |4 0  |6 696_200000000000000_INS_1989  |7 0  |8 X  |9 192801  |a BIBING  |b BIBING  |d 2019-11-14  |i 2604256  |o 696.2 INS 1989  |p 2604256  |r 2025-01-20  |w 2019-11-14  |y BK_X  |k CCL